Mastering Illiquidity: (Record no. 47513)
[ view plain ]
| 000 -LEADER | |
|---|---|
| fixed length control field | 00620nam a22001697a 4500 |
| 005 - DATE AND TIME OF LATEST TRANSACTION | |
| control field | 20260505113127.0 |
| 008 - FIXED-LENGTH DATA ELEMENTS--GENERAL INFORMATION | |
| fixed length control field | 260505b |||||||| |||| 00| 0 eng d |
| 020 ## - INTERNATIONAL STANDARD BOOK NUMBER | |
| ISBN | 978-1-119-95242-8 |
| 082 ## - DEWEY DECIMAL CLASSIFICATION NUMBER | |
| Classification number | 332.63 |
| Author Mark | COR-M |
| 100 ## - MAIN ENTRY--AUTHOR | |
| Author Name | Cornelius, Peter |
| -- | Christian Diller |
| -- | Didier Guennoc |
| -- | Thomas Meyer |
| 245 ## - TITLE STATEMENT | |
| Title | Mastering Illiquidity: |
| Sub-Title | Risk Management for Portfolios of Limited Partnership Funds |
| 260 ## - PUBLICATION, DISTRIBUTION, ETC. | |
| Place of Publication | United Kingdom |
| Name of publisher, distributor, etc. | John Wiley & Sons, Ltd, The Atrium, Southern Gate, Chichester, West Sussex, PO19 8SQ, |
| Date of publication, distribution, etc. | 2013 |
| 300 ## - PHYSICAL DESCRIPTION | |
| Pages | 288 p. |
| 500 ## - GENERAL NOTE | |
| General note | Includes index. |
| 650 ## - SUBJECT ADDED ENTRY--TOPICAL TERM | |
| Subject / Department | Financial Economics |
| 942 ## - ADDED ENTRY ELEMENTS (KOHA) | |
| Koha item type | Book |
| Withdrawn status | Lost status | Damaged status | Not for loan | Collection code | Permanent Location | Current Location | Shelving Location | Date acquired | Source of acquisition | Price | Inventory number | Total Checkouts | Full Call Number | Accession No./Barcode | Date last seen | Koha item type |
|---|---|---|---|---|---|---|---|---|---|---|---|---|---|---|---|---|
| Management Science | Air University Kharian Campus Library | Air University Kharian Campus Library | Marketing Management | 04/09/2026 | Ali Book Services | 1718.00 | KA/10221 | 332.63 COR-M | AUKHP0645 | 05/05/2026 | Book |







